000 01955nam a2200241Ia 4500
003 Ost
005 20260507075625.0
008 260507s9999||||xx |||||||||||||| ||und||
020 _a9789931033745
040 _cfsecg
041 _aara
082 _a390.023621.38
100 _aبورغدة، نريمان مسعود
_eمؤلف
245 0 _aالتجارة الإلكترونية في عصر الذكاء الإصطناعي :
_bالعقود المبرمة بواسطة العملاء الالكتونيين الأذكياء /
_c نريمان مسعود بورغدة
260 _aالجزائر:
_bدار هومة,
_c2019
300 _a334 صفحة؛
_bإيضاحات ؛
_c24 سم
504 _aمراجع ص.317
520 _aمدخل الى عميل الذكاء الاصطناعي،و دورالعميل الالكتروني كوسيط في معاملات التجارة الإلكترونية، مع ذكر آلية ابرام العقود بواسطته والخطوات التمهيدية والتفاوض الاستدلالي، اضافة إلى المشاكل القانونية للتعاقد بواسطة العملاء الالكترونيين الأذكياء مع الأساس القانوني لنفاذ هذه العقود،وكذلك صعوبة تفسير الالتزام التعاقدي لمستخدم العميل الالكتروني بناءا على نظرية الارادة، وفصل الالتزام التعافدي لمستخدم العميل الالكتروني عن ارادته التعاقديةوأخيرا اضفاء الطابع المادي على الإرادة التعاقدية واقتراح استبدال الارادة النفسية لمستخدم العميل الالكتروني بالمصلحة التي يرمي اليها.
653 _aالتجارة الإلكترونية
653 _aالتجارة-إلكترونيات
653 _aالذكاء الاصطناعي
942 _cكتاب
999 _c45164
_d45164